Antithrombotika : Pharmakologie und klinische Anwendung /

Hlavní autor: Markwardt, Fritz, 1924-2011
Další autoři: Vogel, Günter, lékař
Jazyk: Němčina
Vydáno: Berlin : Volk und Gesundheit, 1982
Vydání: 1. Aufl.
Edice: Moderne Arzneimitteltherapie
Témata:
Fyzický popis: 175 s.
Knihy
Uloženo v:
LEADER 00862nam a2200265 a 4500
001 000544518
003 CZ BrMZK
005 20100809101019.0
007 ta
008 000105s1982 gw f ger d
040 |a BOA001  |b cze 
080 |a 615.22  |2 MRF 
100 1 |a Markwardt, Fritz,  |d 1924-2011  |7 mzk2009496014  |4 aut 
245 1 0 |a Antithrombotika :  |b Pharmakologie und klinische Anwendung /  |c Fritz Markwardt, Günter Vogel 
250 |a 1. Aufl. 
260 |a Berlin :  |b Volk und Gesundheit,  |c 1982 
300 |a 175 s. 
490 1 |a Moderne Arzneimitteltherapie 
504 |a Obsahuje bibliografii 
700 1 |a Vogel, Günter,  |c lékař  |4 aut 
830 0 |a Moderne Arzneimitteltherapie 
910 |a BOA001  |b 2-0856.660 
964 |a Antitrombotika 
990 |a BK 
996 7 |b 2619504913  |c 2-0856.660  |l MZK  |r Sklad / do 1 hodiny  |n 1  |w 000544518  |u 000010  |a 1  |e BOA001  |j MZK50  |s A